Solar Energy and Sustainable Development | Libyan Center for Solar Energy REsearch and Studies

Detalles Bibliográficos
Formato: Electrónico Revista
Idioma:English
Publicado: Cambridge University Press
Acceso en liña:Full text available on Research4Life (HINARI,AGORA,OARE,ARDI & GOALI)
LEADER 00812cas a2200181 a 4500
001 AALejournalResearch4Life012829
008 240902c9999 xx r poo 0 0eng d
022 |a 24119636 
022 |a 24146013 
040 |a BD-DhAAL  |c BD-DhAAL 
245 0 0 |h [electronic resource]  |a Solar Energy and Sustainable Development | Libyan Center for Solar Energy REsearch and Studies 
260 |b Cambridge University Press 
300 |a 1 online resource 
362 0 |a 2012 - current issue 
500 |a <strong>On-Campus Access Only (IP based access)</strong> 
506 |a Electronic access restricted to authorized BRAC University faculty, staff and students 
538 |a Mode of access: Internet 
856 4 0 |z Full text available on Research4Life (HINARI,AGORA,OARE,ARDI & GOALI)  |u https://jsesd-ojs.csers.ly/ojs/index.php/jsesd/about